[Event "RUS-ch Higher League 70th"]
[Site "Sochi"]
[Date "2017.07.06"]
[Round "5"]
[White "Musaev, Rasul"]
[Black "Utnasunov, Alexander"]
[Result "0-1"]
[WhiteElo "2287"]
[BlackElo "2444"]
[PlyCount "96"]
[EventDate "2017.07.02"]
[EventType "swiss"]
[EventRounds "9"]
[EventCountry "RUS"]
[SourceTitle "CBM 180"]
[Source "ChessBase"]
[SourceDate "2017.09.13"]
[SourceVersion "1"]
[SourceVersionDate "2017.09.13"]
[SourceQuality "1"]

1. e4 c5 2. Nc3 Nc6 3. Nge2 g6 4. d4 cxd4 5. Nxd4 Bg7 6. Be3 Nf6 7. Bc4 0-0 8. Bb3 d6 9. h3 Bd7 10. 0-0 Rc8 11. Re1 Ne5 12. Qe2 Rxc3 13. bxc3 Nxe4 14. Bd2 Nxd2 15. Qxd2 e6 16. c4 Qb6 17. Rad1 Rc8 18. Qe2 Qc5 19. Nf3 a5 20. Nd2 a4 21. Ne4 Qa7 22. Nxd6 Rf8 23. Qe3 Qxe3 24. Rxe3 axb3 25. cxb3 Nc6 26. Nb5 Bc8 27. c5 e5 28. a3 Nd4 29. Nd6 Be6 30. Nxb7 Nxb3 31. c6 Nd4 32. Nc5 Rc8 33. Nxe6 fxe6 34. Rb1 Rxc6 35. Rb8+ Kf7 36. Rb7+ Kf6 37. g3 Rc1+ 38. Kh2 Rc2 39. Kg2 Bf8 40. g4 h5 41. Rg3 hxg4 42. hxg4 Bh6 43. a4 Ra2 44. Ra7 Bf4 45. Rd3 Kg5 46. a5 Kxg4 47. a6 Nf5 48. Rb3 Ne3+ 0-1

[Event "RUS-ch Higher League 70th"]
[Site "Sochi"]
[Date "2017.07.04"]
[Round "3"]
[White "Lugovskoy, Maxim"]
[Black "Musaev, Rasul"]
[Result "1-0"]
[WhiteElo "2453"]
[BlackElo "2287"]
[PlyCount "55"]
[EventDate "2017.07.02"]
[EventType "swiss"]
[EventRounds "9"]
[EventCountry "RUS"]
[SourceTitle "CBM 180"]
[Source "ChessBase"]
[SourceDate "2017.09.13"]
[SourceVersion "1"]
[SourceVersionDate "2017.09.13"]
[SourceQuality "1"]

1. d4 Nf6 2. Nc3 d5 3. Bf4 c5 4. e3 cxd4 5. exd4 a6 6. Bd3 Nc6 7. Nge2 g6 8. Qd2 Bg7 9. f3 Nh5 10. Bh6 Nb4 11. g4 Nxd3+ 12. cxd3 Bxh6 13. Qxh6 Nf6 14. Ng3 e6 15. 0-0-0 b5 16. Kb1 Bb7 17. Rhe1 Bc6 18. Rc1 Kd7 19. Nd1 b4 20. g5 Ne8 21. Ne3 Bb5 22. Ng4 Ke7 23. Ne5 Rc8 24. Rxc8 Qxc8 25. f4 Qb7 26. f5 gxf5 27. Nxf5+ Kd8 28. Nd6 1-0

[Event "RUS-ch Higher League 70th"]
[Site "Sochi"]
[Date "2017.07.02"]
[Round "1"]
[White "Tsydypov, Zhamsaran"]
[Black "Musaev, Rasul"]
[Result "1-0"]
[WhiteElo "2528"]
[BlackElo "2287"]
[PlyCount "51"]
[EventDate "2017.07.02"]
[EventType "swiss"]
[EventRounds "9"]
[EventCountry "RUS"]
[SourceTitle "CBM 180"]
[Source "ChessBase"]
[SourceDate "2017.09.13"]
[SourceVersion "1"]
[SourceVersionDate "2017.09.13"]
[SourceQuality "1"]

1. e4 e6 2. Qe2 c5 3. b3 Nc6 4. Bb2 e5 5. f4 exf4 6. Nf3 d6 7. Nc3 Nf6 8. Nd5 Nxd5 9. exd5+ Ne7 10. 0-0-0 Qa5 11. Re1 Rg8 12. Qe4 Bd7 13. Ng5 0-0-0 14. Nxf7 Qxa2 15. Nxd8 Kxd8 16. Bb5 Bxb5 17. Qxh7 Be8 18. Re6 c4 19. Rxd6+ Kc7 20. Be5 Qa3+ 21. Kb1 Qxd6 22. Bxd6+ Kxd6 23. Re1 Bf7 24. bxc4 b5 25. Qe4 Ng6 26. Qf5 1-0

[Event "Chigorin Memorial 24th"]
[Site "St Petersburg"]
[Date "2016.10.21"]
[Round "7"]
[White "Musaev, Rasul"]
[Black "Baranov, Andrey"]
[Result "1-0"]
[WhiteElo "2312"]
[BlackElo "2121"]
[PlyCount "155"]
[EventDate "2016.10.15"]
[EventType "swiss"]
[EventRounds "9"]
[EventCountry "RUS"]
[SourceTitle "CBM 175 Extra"]
[Source "ChessBase"]
[SourceDate "2016.12.12"]
[SourceVersion "1"]
[SourceVersionDate "2016.12.12"]
[SourceQuality "1"]

1. e4 e6 2. d4 b6 3. Bd3 Bb7 4. Nf3 Nf6 5. Qe2 d5 6. e5 Ne4 7. 0-0 c5 8. c3 h6 9. Be3 Nc6 10. a3 Be7 11. Ne1 g6 12. f3 Ng5 13. Qf2 cxd4 14. cxd4 h5 15. Nd2 Nh7 16. b4 a6 17. f4 Nf8 18. Rc1 Nd7 19. Qg3 Nf8 20. Nc2 Na7 21. Nb3 Qd7 22. Qh3 Qa4 23. Nd2 Rc8 24. Nf3 Rc3 25. Nfe1 Bc6 26. Bd2 Rb3 27. Rf3 Rb2 28. Be2 Bb5 29. Bd1 Bc4 30. Ne3 Qd7 31. Nxc4 dxc4 32. Bc3 Ra2 33. Nc2 Nb5 34. Ba1 Nh7 35. Be2 Rxa1 36. Nxa1 Nxd4 37. Rf2 b5 38. Nc2 Nf5 39. Rd1 Qa7 40. Kf1 0-0 41. g4 hxg4 42. Bxg4 Rd8 43. Rxd8+ Bxd8 44. Bxf5 exf5 45. Qh6 Be7 46. Rg2 Bf8 47. Qh3 Qd7 48. Qf3 Bg7 49. h4 Nf8 50. Ke1 Ne6 51. h5 gxh5 52. Rd2 Qa7 53. Kf1 a5 54. bxa5 Qxa5 55. Nb4 Qa4 56. Nd5 c3 57. Qxc3 Qe4 58. Qg3 Qb1+ 59. Kf2 h4 60. Nf6+ Kf8 61. Qc3 Bxf6 62. exf6 Kg8 63. Qc8+ Kh7 64. Qe8 Kg6 65. Qg8+ Kxf6 66. Qh8+ Kg6 67. Qxh4 Qe4 68. Kg1 Nxf4 69. Rd6+ Ne6 70. Qxe4 fxe4 71. Rb6 Kf5 72. Rxb5+ Kf4 73. a4 Nd4 74. Rb6 f5 75. a5 e3 76. a6 Kg3 77. a7 f4 78. a8Q 1-0

[Event "Chigorin Memorial 24th"]
[Site "St Petersburg"]
[Date "2016.10.19"]
[Round "5"]
[White "Musaev, Rasul"]
[Black "Tsydypov, Zhamsaran"]
[Result "0-1"]
[WhiteElo "2312"]
[BlackElo "2451"]
[PlyCount "84"]
[EventDate "2016.10.15"]
[EventType "swiss"]
[EventRounds "9"]
[EventCountry "RUS"]
[SourceTitle "CBM 175 Extra"]
[Source "ChessBase"]
[SourceDate "2016.12.12"]
[SourceVersion "1"]
[SourceVersionDate "2016.12.12"]
[SourceQuality "1"]

1. e4 c6 2. d4 d5 3. Nc3 dxe4 4. Nxe4 Nf6 5. Nxf6+ exf6 6. Be3 Bd6 7. Bd3 0-0 8. Qh5 g6 9. Qf3 Be6 10. Ne2 Re8 11. Nf4 Bxf4 12. Qxf4 Nd7 13. h4 Nb6 14. b3 Nd5 15. Qh6 Qa5+ 16. Kf1 Bf5 17. Bxf5 Nxe3+ 18. fxe3 Qxf5+ 19. Kg1 Qxc2 20. Rf1 Re4 21. h5 Rg4 22. Rh2 Re8 23. hxg6 Qxg6 24. Rf3 f5 25. Kf2 Re6 26. Qh5 Rg5 27. Qh4 h6 28. Qf4 Re4 29. Qb8+ Kh7 30. Rf4 Rg4 31. g3 Qe6 32. Rf3 Rg8 33. Qxa7 f4 34. gxf4 Qg4 35. Ke2 Rge8 36. Qxb7 Rxe3+ 37. Kd2 Rxf3 38. Qxf7+ Qg7 39. Qxe8 Qxd4+ 40. Kc2 Qc3+ 41. Kd1 Rf1+ 42. Ke2 Re1+ 0-1

[Event "Vladivostok Primorsky Debut"]
[Site "Vladivostok"]
[Date "2016.07.22"]
[Round "2"]
[White "Rozum, Ivan"]
[Black "Musaev, Rasul"]
[Result "1-0"]
[WhiteElo "2581"]
[BlackElo "2219"]
[PlyCount "77"]
[EventDate "2016.07.21"]
[EventType "swiss"]
[EventRounds "9"]
[EventCountry "RUS"]
[SourceTitle "CBM 173 Extra"]
[Source "ChessBase"]
[SourceDate "2016.08.29"]
[SourceVersion "1"]
[SourceVersionDate "2016.08.29"]
[SourceQuality "1"]

1. d4 Nf6 2. c4 e6 3. g3 d5 4. Nf3 Bb4+ 5. Bd2 Be7 6. Bg2 0-0 7. 0-0 Nbd7 8. Qc2 Ne4 9. Bf4 g5 10. cxd5 gxf4 11. Qxe4 fxg3 12. hxg3 Nf6 13. Qf4 exd5 14. Nc3 c6 15. Ne5 Nh5 16. Qf3 Ng7 17. e4 dxe4 18. Qxe4 Bf5 19. Qe3 Re8 20. Rad1 Bd6 21. Ne4 Be6 22. Qf3 Be7 23. Nc3 Qc7 24. Ng4 f5 25. Nh6+ Kh8 26. d5 Bg5 27. dxe6 Bxh6 28. Rd7 Qc8 29. Rfd1 Rxe6 30. Rf7 Kg8 31. Rdd7 Qe8 32. Rxb7 Rb8 33. Bf1 Rg6 34. Bc4 Kh8 35. Qxf5 Qe1+ 36. Kg2 Rg8 37. Qf3 Be3 38. Qxe3 Rxg3+ 39. Qxg3 1-0

[Event "Samara Polugaevsky Memorial 6th"]
[Site "Samara"]
[Date "2016.07.10"]
[Round "8"]
[White "Musaev, Rasul"]
[Black "Mokshanov, Alexey"]
[Result "0-1"]
[WhiteElo "2219"]
[BlackElo "2419"]
[PlyCount "86"]
[EventDate "2016.07.03"]
[EventType "swiss"]
[EventRounds "9"]
[EventCountry "RUS"]
[SourceTitle "EXT 2019"]
[Source "ChessBase"]
[SourceDate "2018.10.10"]
[SourceVersion "1"]
[SourceVersionDate "2018.10.10"]
[SourceQuality "1"]

1. e4 e6 2. d4 d5 3. Nc3 Nf6 4. Bg5 Be7 5. e5 Nfd7 6. Bxe7 Qxe7 7. f4 0-0 8. Nf3 c5 9. Qd2 Nc6 10. dxc5 Qxc5 11. 0-0-0 Nb6 12. Kb1 Bd7 13. Bd3 Nd4 14. Be2 Na4 15. Nxa4 Bxa4 16. b3 Bb5 17. c3 Nc6 18. Bxb5 Qxb5 19. f5 exf5 20. Qxd5 Qxd5 21. Rxd5 Rfe8 22. Re1 Rad8 23. Red1 Kf8 24. Kc2 Ke7 25. a3 h6 26. c4 g5 27. Kc3 f6 28. b4 f4 29. exf6+ Kxf6 30. Rd6+ Rxd6 31. Rxd6+ Re6 32. Rxe6+ Kxe6 33. b5 Ne5 34. Nd4+ Kd6 35. h3 h5 36. a4 Nd7 37. h4 g4 38. Nf5+ Ke5 39. Ng7 f3 40. gxf3 g3 41. f4+ Ke4 42. Nxh5 g2 43. Ng3+ Kf3 0-1

[Event "Samara Polugaevsky Memorial 6th"]
[Site "Samara"]
[Date "2016.07.07"]
[Round "5"]
[White "Bykov, Oleg1111"]
[Black "Musaev, Rasul"]
[Result "0-1"]
[WhiteElo "2348"]
[BlackElo "2219"]
[PlyCount "54"]
[EventDate "2016.07.03"]
[EventType "swiss"]
[EventRounds "9"]
[EventCountry "RUS"]
[SourceTitle "EXT 2019"]
[Source "ChessBase"]
[SourceDate "2018.10.10"]
[SourceVersion "1"]
[SourceVersionDate "2018.10.10"]
[SourceQuality "1"]

1. d4 Nf6 2. c4 e6 3. Nf3 d5 4. Nc3 dxc4 5. e4 Bb4 6. Qc2 b5 7. Bg5 h6 8. Bh4 Bb7 9. e5 g5 10. Nxg5 Qxd4 11. exf6 Qxh4 12. Nxe6 Bxc3+ 13. Qxc3 Qe4+ 14. Be2 Qxe6 15. 0-0-0 Nd7 16. Bg4 Qxg4 17. Rhe1+ Kd8 18. Re7 Bc6 19. Rxf7 Kc8 20. a4 a6 21. Rd4 Qxg2 22. Rg7 Qxf2 23. f7 Rf8 24. Rg6 Kb7 25. b3 Ne5 26. Rg3 Nd3+ 27. Kb1 b4 0-1

[Event "Samara Polugaevsky Memorial 6th"]
[Site "Samara"]
[Date "2016.07.04"]
[Round "2"]
[White "Musaev, Rasul"]
[Black "Yanchenko, Roman"]
[Result "1/2-1/2"]
[WhiteElo "2219"]
[BlackElo "2414"]
[PlyCount "67"]
[EventDate "2016.07.03"]
[EventType "swiss"]
[EventRounds "9"]
[EventCountry "RUS"]
[SourceTitle "EXT 2019"]
[Source "ChessBase"]
[SourceDate "2018.10.10"]
[SourceVersion "1"]
[SourceVersionDate "2018.10.10"]
[SourceQuality "1"]

1. e4 e6 2. d4 d5 3. Nd2 dxe4 4. Nxe4 Nd7 5. Nf3 Ngf6 6. Bg5 h6 7. Nxf6+ Nxf6 8. Be3 Bd6 9. Bd3 Nd5 10. Qd2 Qe7 11. Ne5 Bxe5 12. dxe5 Nxe3 13. Qxe3 Qb4+ 14. Ke2 Bd7 15. a3 Qb6 16. b4 Qxe3+ 17. Kxe3 Ke7 18. Be4 a5 19. Rhb1 axb4 20. axb4 Bc6 21. Bxc6 bxc6 22. Kd4 Rxa1 23. Rxa1 Rb8 24. Rb1 Rb5 25. f4 g5 26. g3 gxf4 27. gxf4 f6 28. c3 fxe5+ 29. fxe5 Rd5+ 30. Ke4 Rd2 31. Rg1 Rxh2 32. Rg7+ Kd8 33. Rg8+ Kd7 34. Rg7+ 1/2-1/2

[Event "Voronezh op-A 20th"]
[Site "Voronezh"]
[Date "2016.06.16"]
[Round "5"]
[White "Musaev, Rasul"]
[Black "Peskov, Alexsey"]
[Result "0-1"]
[WhiteElo "2310"]
[BlackElo "2399"]
[PlyCount "111"]
[EventDate "2016.06.12"]
[EventType "swiss"]
[EventRounds "9"]
[EventCountry "RUS"]
[SourceTitle "EXT 2019"]
[Source "ChessBase"]
[SourceDate "2018.10.10"]
[SourceVersion "1"]
[SourceVersionDate "2018.10.10"]
[SourceQuality "1"]

1. e4 c6 2. Nc3 d5 3. Nf3 Nf6 4. e5 Ne4 5. d4 Nxc3 6. bxc3 c5 7. Be3 e6 8. Bd3 Qa5 9. Bd2 c4 10. Be2 Be7 11. h4 Nc6 12. h5 h6 13. g4 Bd7 14. Nh4 0-0-0 15. f4 Rdf8 16. Kf2 Qd8 17. Kg3 Be8 18. f5 f6 19. fxe6 fxe5 20. Nf5 Bf6 21. Be3 g6 22. hxg6 Bxg6 23. Bxh6 Bxf5 24. Bxf8 Bh4+ 25. Kg2 Be4+ 26. Bf3 Qxf8 27. Rh3 exd4 28. cxd4 Qf4 29. Bxe4 dxe4 30. c3 Qf2+ 31. Kh1 e3 32. Qg1 Rf8 33. d5 e2 34. dxc6 Qxg1+ 35. Kxg1 e1Q+ 36. Rxe1 Bxe1 37. e7 Re8 38. Re3 Bh4 39. cxb7+ Kxb7 40. Re4 Rxe7 41. Rxc4 Re2 42. a4 Rc2 43. Kf1 Bf6 44. Rf4 Bxc3 45. g5 Be5 46. Rf7+ Rc7 47. Rf5 Re7 48. Ke2 Kc6 49. Kd3 Kd5 50. g6 Rb7 51. Rg5 Ke6 52. Kc4 Kf6 53. Rg4 Kg7 54. Kd5 Bc3 55. Rc4 Bd2 56. Rc6 0-1

[Event "Nezhmetdinov Memorial 38th"]
[Site "Kazan"]
[Date "2016.06.06"]
[Round "7"]
[White "Musaev, Rasul"]
[Black "Galaktionov, Artem"]
[Result "0-1"]
[WhiteElo "2310"]
[BlackElo "2181"]
[PlyCount "52"]
[EventDate "2016.05.31"]
[EventType "swiss"]
[EventRounds "9"]
[EventCountry "RUS"]
[SourceTitle "CBM 172 Extra"]
[Source "ChessBase"]
[SourceDate "2016.06.21"]
[SourceVersion "1"]
[SourceVersionDate "2016.06.21"]
[SourceQuality "1"]

1. e4 c6 2. d4 d5 3. e5 Bf5 4. h4 h5 5. Bg5 Qb6 6. Bd3 Bxd3 7. Qxd3 e6 8. Nd2 c5 9. c3 Nc6 10. Ne2 cxd4 11. cxd4 Be7 12. 0-0 Bxg5 13. hxg5 Nge7 14. Nf3 Rc8 15. Rfc1 0-0 16. a3 Na5 17. b4 Rxc1+ 18. Rxc1 Nc4 19. Nf4 g6 20. g4 hxg4 21. Nh2 Nf5 22. Ne2 Qd8 23. Nxg4 Qxg5 24. Qh3 Kg7 25. f4 Qh4 26. Qf3 Rh8 0-1

[Event "Nezhmetdinov Memorial 38th"]
[Site "Kazan"]
[Date "2016.06.01"]
[Round "2"]
[White "Pridorozhni, Aleksei"]
[Black "Musaev, Rasul"]
[Result "1-0"]
[WhiteElo "2552"]
[BlackElo "2310"]
[PlyCount "120"]
[EventDate "2016.05.31"]
[EventType "swiss"]
[EventRounds "9"]
[EventCountry "RUS"]
[SourceTitle "CBM 172 Extra"]
[Source "ChessBase"]
[SourceDate "2016.06.21"]
[SourceVersion "1"]
[SourceVersionDate "2016.06.21"]
[SourceQuality "1"]

1. e4 c5 2. Nf3 d6 3. c3 Nf6 4. h3 Nc6 5. Bd3 d5 6. e5 c4 7. Bc2 Nd7 8. Qe2 Qc7 9. e6 fxe6 10. Ng5 Nf6 11. Nxe6 Bxe6 12. Qxe6 Qe5+ 13. Qxe5 Nxe5 14. 0-0 e6 15. b3 Kf7 16. Re1 Bd6 17. Ba3 Bc7 18. Bc5 b5 19. Bd4 Nc6 20. Be3 Rhd8 21. bxc4 dxc4 22. a4 b4 23. cxb4 Be5 24. Nc3 Nxb4 25. Rac1 Bxc3 26. dxc3 Na2 27. Rb1 Nxc3 28. Rb7+ Rd7 29. Rxd7+ Nxd7 30. Bd4 Nd5 31. a5 Rc8 32. f4 g6 33. Rb1 a6 34. Kf2 Nc5 35. Kf3 Ke7 36. g3 Kd6 37. Kg4 Nd3 38. Kg5 N3b4 39. Ba4 c3 40. Kh6 c2 41. Rc1 Nc3 42. Rxc2 Nxc2 43. Bxc2 Ne2 44. Be5+ Ke7 45. Bd3 Nxg3 46. Kxh7 Rc5 47. Kxg6 Rxa5 48. h4 Ra3 49. Bc4 Nf5 50. Bf6+ Kd6 51. h5 Rg3+ 52. Bg5 a5 53. Kf7 e5 54. Kf6 Kc5 55. Kxf5 Kxc4 56. fxe5 Kd5 57. h6 Rf3+ 58. Bf4 Rh3 59. e6 Kc6 60. Kg6 a4 1-0

[Event "Moscow Aeroflot op-B 15th"]
[Site "Moscow"]
[Date "2016.03.09"]
[Round "9"]
[White "Musaev, Rasul"]
[Black "Mammadzada, Gunay Vuqar Qizi"]
[Result "1-0"]
[WhiteElo "2297"]
[BlackElo "2345"]
[PlyCount "79"]
[EventDate "2016.03.01"]
[EventType "swiss"]
[EventRounds "9"]
[EventCountry "RUS"]
[SourceTitle "CBM 171 Extra"]
[Source "ChessBase"]
[SourceDate "2016.04.26"]
[SourceVersion "1"]
[SourceVersionDate "2016.04.26"]
[SourceQuality "1"]

1. e4 c5 2. Nc3 d6 3. f4 g6 4. Nf3 Bg7 5. Bb5+ Bd7 6. Bxd7+ Qxd7 7. 0-0 Nc6 8. d3 e6 9. f5 0-0-0 10. Rb1 h6 11. fxe6 fxe6 12. Ne2 g5 13. a3 Nge7 14. b4 Ng6 15. Be3 Nge5 16. Kh1 Nxf3 17. gxf3 Qe7 18. c3 b6 19. a4 cxb4 20. cxb4 Kb7 21. d4 h5 22. a5 d5 23. Qa4 Rc8 24. e5 g4 25. Nf4 Qd7 26. Ra1 bxa5 27. b5 Nb8 28. Qxa5 Ka8 29. Nxe6 Bh6 30. f4 Rh7 31. b6 Nc6 32. b7+ Qxb7 33. Qxd5 h4 34. Nc5 Qb2 35. Ra2 Qb5 36. Rfa1 g3 37. Qe4 Rg7 38. Rb1 Qc4 39. Rc2 Qg8 40. d5 1-0

[Event "Moscow Aeroflot op-B 15th"]
[Site "Moscow"]
[Date "2016.03.04"]
[Round "4"]
[White "Abdulov, Orkhan Javanshir"]
[Black "Musaev, Rasul"]
[Result "0-1"]
[WhiteElo "2354"]
[BlackElo "2297"]
[PlyCount "64"]
[EventDate "2016.03.01"]
[EventType "swiss"]
[EventRounds "9"]
[EventCountry "RUS"]
[SourceTitle "CBM 171 Extra"]
[Source "ChessBase"]
[SourceDate "2016.04.26"]
[SourceVersion "1"]
[SourceVersionDate "2016.04.26"]
[SourceQuality "1"]

1. e4 c5 2. Nf3 Nc6 3. Nc3 d6 4. d4 cxd4 5. Nxd4 Nf6 6. Be2 e6 7. Be3 Bd7 8. f4 Qc7 9. 0-0 Be7 10. Kh1 a6 11. Qe1 b5 12. a3 h5 13. Rd1 Na5 14. e5 Ng4 15. exd6 Bxd6 16. Bxg4 hxg4 17. Nf5 Nb7 18. Bd4 0-0-0 19. Nxd6+ Nxd6 20. Bxg7 Rh7 21. Bf6 Rg8 22. Be5 g3 23. h3 Bc6 24. Rxd6 Rxh3+ 25. Kg1 Rh2 26. Ne4 Qb6+ 27. Bd4 Bxe4 28. Qc3+ Qc7 29. Re1 Rxg2+ 30. Kf1 Qxc3 31. bxc3 Rxc2 32. Bb6 Rh8 0-1

[Event "Moscow op-A"]
[Site "Moscow"]
[Date "2016.02.04"]
[Round "6"]
[White "Bykov, Oleg1111"]
[Black "Musaev, Rasul"]
[Result "1-0"]
[WhiteElo "2227"]
[BlackElo "2379"]
[PlyCount "77"]
[EventDate "2016.01.30"]
[EventType "swiss"]
[EventRounds "9"]
[EventCountry "RUS"]
[SourceTitle "CBM 170 Extra"]
[Source "ChessBase"]
[SourceDate "2016.02.25"]
[SourceVersion "1"]
[SourceVersionDate "2016.02.25"]
[SourceQuality "1"]

1. d4 Nf6 2. c4 g6 3. Nc3 Bg7 4. e4 d6 5. Nf3 0-0 6. Be2 e5 7. 0-0 Nc6 8. d5 Ne7 9. Ne1 Ne8 10. Be3 f5 11. f3 f4 12. Bf2 h5 13. c5 g5 14. Rc1 Rf6 15. cxd6 cxd6 16. Nb5 a6 17. Nc7 Nxc7 18. Bb6 Rg6 19. Rxc7 Qe8 20. Nc2 g4 21. Qd3 Bf8 22. Rc1 Rg5 23. Ne1 Qg6 24. R1c2 gxf3 25. Bxf3 h4 26. Bf2 Qh6 27. Qd1 h3 28. Qc1 hxg2 29. Rxc8 Nxc8 30. Rxc8 Rxc8 31. Qxc8 Rg7 32. Bg4 Re7 33. Nf3 Qg7 34. Bb6 Qg6 35. Bd8 Re8 36. Qd7 Kh8 37. Bf5 Qh5 38. Bf6+ Kg8 39. Be6+ 1-0

[Event "Moscow op-A"]
[Site "Moscow"]
[Date "2016.02.02"]
[Round "4"]
[White "Salemgareev, Tagir"]
[Black "Musaev, Rasul"]
[Result "1/2-1/2"]
[WhiteElo "2223"]
[BlackElo "2379"]
[PlyCount "99"]
[EventDate "2016.01.30"]
[EventType "swiss"]
[EventRounds "9"]
[EventCountry "RUS"]
[SourceTitle "CBM 170 Extra"]
[Source "ChessBase"]
[SourceDate "2016.02.25"]
[SourceVersion "1"]
[SourceVersionDate "2016.02.25"]
[SourceQuality "1"]

1. Nf3 g6 2. c4 Bg7 3. d4 c5 4. e4 cxd4 5. Nxd4 Nc6 6. Be3 Nf6 7. Nc3 0-0 8. Be2 d6 9. 0-0 Bd7 10. f3 Nxd4 11. Bxd4 Bc6 12. Qd2 Nd7 13. Be3 a5 14. Rab1 Be5 15. Rfc1 Nc5 16. b3 f5 17. exf5 gxf5 18. a3 a4 19. bxa4 Nxa4 20. Nd5 e6 21. Bg5 Qa5 22. Ne7+ Kh8 23. Qxa5 Rxa5 24. Nxc6 bxc6 25. Rb7 Nc5 26. Rc7 Rxa3 27. Rd1 Rfa8 28. Rxc6 Ra1 29. Rcxd6 h6 30. Be3 Kh7 31. R6d2 Bc3 32. Rxa1 Rxa1+ 33. Rd1 Rxd1+ 34. Bxd1 Bb4 35. Bc2 h5 36. Kf2 Kg6 37. Bd4 Kg5 38. h4+ Kg6 39. g4 Ba3 40. Kg3 Nb7 41. Kf4 Bd6+ 42. Be5 hxg4 43. fxg4 Be7 44. gxf5+ exf5 45. Bxf5+ Kh5 46. Bc7 Nd6 47. Bg4+ Kxh4 48. c5 Nb7 49. c6 Nd8 50. Bf3 1/2-1/2

[Event "Moscow op-A"]
[Site "Moscow"]
[Date "2016.01.31"]
[Round "2"]
[White "Kokarev, Dmitry"]
[Black "Musaev, Rasul"]
[Result "1-0"]
[WhiteElo "2619"]
[BlackElo "2379"]
[PlyCount "125"]
[EventDate "2016.01.30"]
[EventType "swiss"]
[EventRounds "9"]
[EventCountry "RUS"]
[SourceTitle "CBM 170 Extra"]
[Source "ChessBase"]
[SourceDate "2016.02.25"]
[SourceVersion "1"]
[SourceVersionDate "2016.02.25"]
[SourceQuality "1"]

1. e4 e5 2. Nf3 Nc6 3. Bb5 a6 4. Ba4 Nf6 5. 0-0 Nxe4 6. d4 b5 7. Bb3 d5 8. dxe5 Be6 9. Qe2 Be7 10. Rd1 Na5 11. Nbd2 Nxb3 12. axb3 Nc5 13. Nd4 0-0 14. b4 Nb7 15. Nf1 Qc8 16. Nc6 Qd7 17. Nxe7+ Qxe7 18. Rd4 c6 19. Ra3 Bd7 20. Qh5 f6 21. Rh4 g6 22. exf6 Rxf6 23. Qh6 Qg7 24. Qxg7+ Kxg7 25. Rd4 Re6 26. Bd2 Nd6 27. Ra1 Bc8 28. f3 Nf5 29. Rd3 Bb7 30. Re1 Rae8 31. Rxe6 Rxe6 32. g4 Nd6 33. Kf2 Kf7 34. b3 Ke7 35. Ng3 Kd7 36. Bf4 Rf6 37. Be5 Re6 38. Bd4 Kc7 39. Rd1 Bc8 40. Ne2 Nb7 41. Ra1 Nd6 42. Nf4 Re8 43. Nd3 Nf7 44. Nc5 Rf8 45. h4 Nd6 46. Nxa6+ Bxa6 47. Rxa6 Nc8 48. Ra1 Rf7 49. Bc5 Rf6 50. Re1 Kd7 51. Kg3 Rf7 52. Re5 Nd6 53. h5 gxh5 54. Rxh5 Ne8 55. Rh6 Ng7 56. Bd4 Ne6 57. Be5 Ng5 58. Bf6 Ne6 59. f4 Nc7 60. Be5 Ne6 61. f5 Nd8 62. Kf4 Re7 63. Rd6+ 1-0

[Event "Vladivostok Primorsky Debut"]
[Site "Vladivostok"]
[Date "2015.07.22"]
[Round "2"]
[White "Musaev, Rasul"]
[Black "Kokarev, Dmitry"]
[Result "0-1"]
[WhiteElo "2341"]
[BlackElo "2608"]
[PlyCount "82"]
[EventDate "2015.07.21"]
[EventType "swiss"]
[EventRounds "9"]
[EventCountry "RUS"]
[SourceTitle "EXT 2016"]
[Source "ChessBase"]
[SourceDate "2015.10.08"]
[SourceVersion "1"]
[SourceVersionDate "2015.10.08"]
[SourceQuality "1"]

1. e4 c5 2. Nf3 d6 3. d4 cxd4 4. Nxd4 Nf6 5. Nc3 a6 6. Be3 e5 7. Nb3 Be6 8. h3 Nbd7 9. g4 b5 10. Bg2 Nb6 11. g5 Nfd7 12. Na5 Rc8 13. Qd2 Be7 14. Nd5 Bxd5 15. exd5 Nc4 16. Nxc4 Rxc4 17. h4 0-0 18. Bf1 Rc7 19. h5 f5 20. gxf6 Bxf6 21. 0-0-0 e4 22. Kb1 Nc5 23. Bxc5 Rxc5 24. Bg2 Qe7 25. Rhe1 Rc4 26. c3 Qe5 27. Qc2 Re8 28. Rd4 Rxd4 29. cxd4 Qxh5 30. Bxe4 g6 31. Rh1 Qxh1+ 32. Bxh1 Re1+ 33. Qc1 Rxc1+ 34. Kxc1 Bxd4 35. f3 Kg7 36. b3 Kf6 37. Kd2 Ke5 38. Kd3 Bc5 39. Bg2 Kf4 40. Ke2 Kg3 41. Kf1 h5 0-1

[Event "Vladivostok Meridian op rap"]
[Site "Vladivostok"]
[Date "2015.07.20"]
[Round "11"]
[White "Kokarev, Dmitry"]
[Black "Musaev, Rasul"]
[Result "1-0"]
[WhiteElo "2608"]
[BlackElo "2341"]
[PlyCount "133"]
[EventDate "2015.07.18"]
[EventType "swiss (rapid)"]
[EventRounds "11"]
[EventCountry "RUS"]
[SourceTitle "EXT 2016"]
[Source "ChessBase"]
[SourceDate "2015.10.08"]
[SourceVersion "1"]
[SourceVersionDate "2015.10.08"]
[SourceQuality "1"]

1. e4 c5 2. Nf3 d6 3. d4 cxd4 4. Qxd4 Nc6 5. Bb5 e6 6. 0-0 Bd7 7. Bxc6 bxc6 8. c4 Qb6 9. Qd3 Be7 10. Be3 Qc7 11. Nc3 Nf6 12. Rfd1 0-0 13. Bf4 e5 14. Bg5 Be6 15. Bxf6 gxf6 16. Rac1 Qb7 17. b3 Kh8 18. Nh4 Rad8 19. Qf3 Qd7 20. Nf5 Bxf5 21. exf5 Rg8 22. h4 Rg7 23. g3 Rgg8 24. Rd3 Qb7 25. Rcd1 Rd7 26. Qh5 Kg7 27. R1d2 Rgd8 28. Qd1 Kh8 29. Kh2 Kg7 30. Qf3 Kh8 31. Qe4 Kg7 32. Kh3 Kh8 33. g4 h6 34. Rd1 Kg7 35. Kg3 Kh8 36. Kg2 Kg7 37. f3 Kh8 38. Qe3 Kh7 39. Qd2 Kg7 40. Ne4 d5 41. Ng3 Kh7 42. Qc2 a5 43. Nh5 Qa7 44. Kh3 Qb7 45. R3d2 Qa7 46. Re2 Rg8 47. cxd5 cxd5 48. Rc1 d4 49. Qd3 a4 50. Rec2 axb3 51. axb3 Bd8 52. Rc8 Qa5 53. R8c6 Qa3 54. Rb1 Rd6 55. Rxd6 Qxd6 56. b4 Re8 57. Ng3 Be7 58. Qc4 Kg7 59. b5 d3 60. Ne4 Qd4 61. Qxd4 exd4 62. Kg2 Rb8 63. Kf2 Rb6 64. Ke1 Kf8 65. Kd2 Ke8 66. Kxd3 Kd7 67. Kxd4 1-0

[Event "Vladivostok Meridian op rap"]
[Site "Vladivostok"]
[Date "2015.07.20"]
[Round "10"]
[White "Musaev, Rasul"]
[Black "Rozum, Ivan"]
[Result "1-0"]
[WhiteElo "2341"]
[BlackElo "2535"]
[PlyCount "65"]
[EventDate "2015.07.18"]
[EventType "swiss (rapid)"]
[EventRounds "11"]
[EventCountry "RUS"]
[SourceTitle "EXT 2016"]
[Source "ChessBase"]
[SourceDate "2015.10.08"]
[SourceVersion "1"]
[SourceVersionDate "2015.10.08"]
[SourceQuality "1"]

1. e4 c6 2. Nc3 d5 3. Nf3 Bg4 4. h3 Bxf3 5. Qxf3 e6 6. d3 Nd7 7. Bd2 Bc5 8. g4 Ne7 9. Be2 Ng6 10. g5 Bb4 11. h4 d4 12. Nb1 Qb6 13. h5 Ne7 14. Bd1 Rf8 15. Qg3 0-0-0 16. a4 f5 17. a5 Bxd2+ 18. Nxd2 Qb4 19. a6 b5 20. Ra3 Nc5 21. Qe5 fxe4 22. dxe4 Rf7 23. Rh2 Rdf8 24. Bg4 g6 25. Bxe6+ Nxe6 26. Qxe6+ Kb8 27. Qe5+ Ka8 28. Qc7 Rb8 29. Rb3 Qa4 30. hxg6 hxg6 31. Rh8 Qa1+ 32. Ke2 d3+ 33. cxd3 1-0